<?xml version='1.0' encoding='UTF-8'?>
  <record xmlns="http://www.loc.gov/MARC21/slim">
    <leader>00000cem a2200000 i 4500</leader>
    <controlfield tag="001">ocm71566209</controlfield>
    <controlfield tag="003">OCoLC</controlfield>
    <controlfield tag="005">20240924165936.9</controlfield>
    <controlfield tag="007">aj aauun</controlfield>
    <controlfield tag="008">011026s1771    ne        u     0   dut d</controlfield>
    <datafield tag="040" ind1=" " ind2=" ">
      <subfield code="a">NLGGC</subfield>
      <subfield code="b">dut</subfield>
      <subfield code="e">fobidrtb</subfield>
      <subfield code="c">NLGGC</subfield>
      <subfield code="d">L2U</subfield>
      <subfield code="d">OCLCO</subfield>
      <subfield code="d">OCLCL</subfield>
      <subfield code="d">OCLCQ</subfield>
    </datafield>
    <datafield tag="029" ind1="0" ind2=" ">
      <subfield code="a">NLGGC</subfield>
      <subfield code="b">229564941</subfield>
    </datafield>
    <datafield tag="034" ind1="1" ind2=" ">
      <subfield code="a">a</subfield>
      <subfield code="b">5000</subfield>
    </datafield>
    <datafield tag="035" ind1=" " ind2=" ">
      <subfield code="a">(OCoLC)71566209</subfield>
    </datafield>
    <datafield tag="045" ind1="0" ind2=" ">
      <subfield code="b">d1771</subfield>
    </datafield>
    <datafield tag="084" ind1=" " ind2=" ">
      <subfield code="a">74.20</subfield>
      <subfield code="2">bcl</subfield>
    </datafield>
    <datafield tag="245" ind1="0" ind2="0">
      <subfield code="a">Kaart van de rivier de Lek, by en omtrent Schoonhoven, met eenige projecten tot verbetering der riviere in 't algemeen ten aanzien der scheepvaart en van de haven der gemelde stad in 't byzonder /</subfield>
      <subfield code="c">L. Schenk Jansz. sculpsit 1771.</subfield>
    </datafield>
    <datafield tag="255" ind1=" " ind2=" ">
      <subfield code="a">Schaal [ca. 1:5.000].</subfield>
    </datafield>
    <datafield tag="260" ind1=" " ind2=" ">
      <subfield code="a">[Den Haag :</subfield>
      <subfield code="b">Landsdrukkerij],</subfield>
      <subfield code="c">1771.</subfield>
    </datafield>
    <datafield tag="300" ind1=" " ind2=" ">
      <subfield code="a">1 kaart. :</subfield>
      <subfield code="b">kopergravure. ;</subfield>
      <subfield code="c">31 x 40 cm.</subfield>
    </datafield>
    <datafield tag="336" ind1=" " ind2=" ">
      <subfield code="a">cartografische afbeelding</subfield>
      <subfield code="b">cri</subfield>
      <subfield code="2">rdacontent/dut</subfield>
    </datafield>
    <datafield tag="337" ind1=" " ind2=" ">
      <subfield code="a">zonder medium</subfield>
      <subfield code="b">n</subfield>
      <subfield code="2">rdamedia/dut</subfield>
    </datafield>
    <datafield tag="338" ind1=" " ind2=" ">
      <subfield code="a">vel</subfield>
      <subfield code="b">nb</subfield>
      <subfield code="2">rdacarrier/dut</subfield>
    </datafield>
    <datafield tag="500" ind1=" " ind2=" ">
      <subfield code="a">Linksboven: Resol[u]ti 31 Aug: 1771.</subfield>
    </datafield>
    <datafield tag="507" ind1=" " ind2=" ">
      <subfield code="a">Schaalstok.</subfield>
    </datafield>
    <datafield tag="510" ind1="0" ind2=" ">
      <subfield code="a">Van den Brink, 'In een opslag van het oog', nr. 126; [Hingman], Inventaris der verzameling kaarten berustende in het Rijks-archief, dl. 2,</subfield>
      <subfield code="c">p. 67, nr. 517</subfield>
    </datafield>
    <datafield tag="650" ind1=" " ind2="7">
      <subfield code="a">74.20 geography of The Netherlands.</subfield>
      <subfield code="0">(NL-LeOCL)169910598</subfield>
      <subfield code="2">bcl</subfield>
    </datafield>
    <datafield tag="651" ind1=" " ind2="7">
      <subfield code="a">Lek (rivier)</subfield>
      <subfield code="2">gtt</subfield>
      <subfield code="0">(NL-LeOCL)09595158X</subfield>
    </datafield>
    <datafield tag="651" ind1=" " ind2="7">
      <subfield code="a">Schoonhoven.</subfield>
      <subfield code="2">gtt</subfield>
      <subfield code="0">(NL-LeOCL)095960147</subfield>
    </datafield>
    <datafield tag="700" ind1="1" ind2=" ">
      <subfield code="a">Schenk, Leonardus,</subfield>
      <subfield code="c">Jansz.,</subfield>
      <subfield code="d">1732-1800.</subfield>
      <subfield code="1">https://id.oclc.org/worldcat/entity/E39PCjDk77YdxwXwy4Q4GQP4YK</subfield>
    </datafield>
    <datafield tag="936" ind1=" " ind2=" ">
      <subfield code="a">BATCHLOAD</subfield>
    </datafield>
  </record>